Statystyki dla Kraje według Obrazu #1

Kliknij tutaj aby rozwiązać quiz!

Ogólne statystyki

  • Ten quiz został rozwiązany 3 369 razy
  • Średni wynik to 9 z 15

Statystyki odpowiedzi

Odpowiedź% Poprawnych
Brazylia
96%
Rosja
94%
Japonia
93%
Australia
90%
Indie
77%
Niemcy
73%
Meksyk
66%
Zjednoczone Emiraty Arabskie
65%
Kanada
55%
Islandia
44%
Tajlandia
41%
Izrael / Palestyna
38%
Norwegia
21%
Wenezuela
18%
Nowa Zelandia
10%

Rozkład punktacji

Percentyl według liczby udzielonych odpowiedzi

Procent ludzi z każdym wynikiem

Twoja historia wyników

Nie rozwiązałeś tego quizu